LEYL IŞIKLARI (Record no. 682828)
[ view plain ]
| 000 -LEADER | |
|---|---|
| sabit uzunluktaki kontrol alanı | 00245nam a2200097Ia 4500 |
| 001 - KONTROL NUMARASI | |
| kontrol alanı | 682828 |
| 005 - EN SON İŞLEMİN TARİH VE ZAMANI | |
| kontrol alanı | 20250826161426.0 |
| 008 - SABİT-UZUNLUKTA VERİ ÖĞELERİ--GENEL BİLGİ | |
| sabit uzunluktaki kontrol alanı | 250824s9999 xx 000 0 und d |
| 245 #0 - ESER / YAZAR | |
| ESER ADI | LEYL IŞIKLARI |
| Yazar Adı | AHMED GÜNBAY YILDIZ |
| 260 ## - YAYIN, DAĞITIM, VB. | |
| YAYIN EVİ | TİMAŞ YAYINLARI |
| Düşüm durumu | Kayıp durumu | Hasar Durumu | Ödünç verilmez | Ana kütüphane | Geçerli Kütüphane | Edinilen tarih | Toplam ödünç verme sayısı | Barkod | Son görüntüleme tarihi | Fiyatın geçerli olmaya başladığı tarih | Koha materyal türü | Sınıflandırma Kaynağı veya raf şeması | Toplam süre uzatma sayısı | Tam yer numarası | Son ödünç verme tarihi |
|---|---|---|---|---|---|---|---|---|---|---|---|---|---|---|---|
| ADNAN AKGÜL ÖZEL EĞİTİM MESLEK LİSESİ | ADNAN AKGÜL ÖZEL EĞİTİM MESLEK LİSESİ | 24.08.2025 | 101886 | 26.08.2025 | 26.08.2025 | Books | |||||||||
| MUSTAFA BÜYÜKKAPLAN HAFIZ İMAM HATİP ORTAOKULU (KIZ) | MUSTAFA BÜYÜKKAPLAN HAFIZ İMAM HATİP ORTAOKULU (KIZ) | 25.02.2026 | 2 | 10392133 | 06.04.2026 | 25.02.2026 | Books | Dewey Ondalık Sınıflama | 1 | A2 | 01.04.2026 |